Responses for Show #6157 - Tuesday, May 24, 2011

Contestants

[<< previous game]

Gay Haubner, a fund raiser for a non-profit from New York, New York

Tom Brown, a program analyst originally from Harleysville, Pennsylvania

Matt Neville, a deli clerk from Hamden, Connecticut (whose 3-day cash winnings total $65,400)

[next game >>]

Jeopardy! Round responses

THE 1860s
COLORFUL TV SHOWS
ACT I, SCENE 1
MATTHEW, MARK, LUKE, JOHN & VALERIE
THE WHITE STUFF
"P-S-P"
    $200 2
Western Union

Tom
    $200 7
Green

Matt
    $200 11
Hamlet

Matt
    $200 1
(Matt: Who is Matthew Shepard?)
(Gay: Who is Matthew Perry?)

Matthew Henson

MattGay
Triple Stumper
    $200 17
the Mayflower

Gay
    $200 26
a partnership

Tom
    $400 3
John D.) Rockefeller

Tom
    $400 8
Brown

Matt
    $400 13
Cat on a Hot Tin Roof

Gay
    $400 19
Zuckerberg

Matt
    $400 18
(Tom: What is orbiting the earth?)

space walk

MattTom
    $400 27
a pawnshop

Gay
    $600 4
(Tom: What is Springfield?)

Chicago

Tom
Triple Stumper
    $600 9
Blue

Triple Stumper
    $600 14
The Odd Couple

Gay
    $600 20
Cool Hand Luke

Tom
    $600 23
Snow White

Matt
    $600 28
parsnip

Matt
    $1,000 5
(Tom: Don't know.)

Joseph Lister

Tom
    $800 10
Orange

Gay
    $800 15
Damn Yankees

Matt
    $800 21
John Roberts

Tom
    $800 24
(Matt: What is the Northwest Territories?)

the Yukon

MattTom
    $800 29
Photoshop

Matt
    $1000 6
Gladstone

Gay
    $1000 12
Yellow

Triple Stumper
    $1000 16
Invalid

Gay
    $1000 22
Valerie Plame

Matt
    $1000 25
White Sands

Gay
    $1000 30
post-op

Tom

Scores at the first commercial break (after clue 13):

Matt Tom Gay
$600 -$1,000 $2,000

Scores at the end of the Jeopardy! Round:

Matt Tom Gay
$4,400 $2,000 $5,200

Double Jeopardy! Round responses

NATIVE AMERICAN PLACE NAMES
STARS OF SPORT
MEASURING UP
BALLET HIGH
WINGS & THINGS
WHAT THE GREEK PREFIX MEANS
    $400 1
the Potomac

Tom
    $400 11
Aaron Rodgers

Tom
    $400 6
(Gay: What is one?)

two

TomGay
    $400 16
Tchaikovsky

Gay
    $400 27
Buffalo wings

Gay
    $400 21
early (first accepted)

Tom
    $800 2
Tallahassee

Matt
    $800 12
the Lakers

Tom
    $800 7
a ream

Tom
    $800 17
(Matt: What is glue?)

wax

MattGay
    $800 30
the Spruce Goose

Tom
    $800 22
dead/death

Gay
    $1200 3
(Tom: What is Okefenokee?)
(Matt: What is Muskokee?)
[Matt's response was initially ruled correct but was reversed before the Daily Double at clue 5.]

Muskogee

MattTom
Triple Stumper
    $1200 13
(Tom: Who is Harmon?)
(Alex: Be more specific.)
(Tom: Who is Johnny Harmon?)

Tom Harmon

Tom
Triple Stumper
    $1200 8
yarn

Tom
    $1200 18
Swan Lake

Gay
    $1200 26
(Tom: What is the White House?)
(Alex: No... Be more specific.)

the West Wing

Tom
    $1200 23
white (bright accepted)

Triple Stumper
    $1600 4
(Gay: What is South Carolina?)

Georgia

Gay
Triple Stumper
    $1600 14
Paavo Nurmi

Tom
    $1600 9
a cord

Tom
    $1600 19
Jerome Robbins

Triple Stumper
    $1600 28
[ERRATUM: The correct name is Queen Alexandra's birdwing.]

a butterfly

Matt
    $1600 24
(Gay: What is like?)

together

Gay
Triple Stumper
    $3,000 5
Arizona

Matt
    $2000 15
Dave Winfield

Triple Stumper
    $2000 10
joules

Triple Stumper
    $2000 20
Peer Gynt

Matt
    $2,000 29
(Matt: Who is Athena?)

Nike

Matt
    $2000 25
black

Triple Stumper

Scores at the end of the Double Jeopardy! Round:

Matt Tom Gay
$7,800 $9,200 $5,200

[wagering suggestions for these scores]

Final Jeopardy! Round responses

THE 16th CENTURY
GayWho is Cook?
$5,200
MattWho is Sir Francis Drake?
$7,800
TomWho is Drake
$6,401
Sir Francis Drake

Final scores:

Matt Tom Gay
$15,600 $15,601 $0
2nd place: $2,000 New champion: $15,601 3rd place: $1,000

Game dynamics:

Coryat scores:

Matt Tom Gay
$8,800 $10,200 $5,200
14 R
(including 1 DD),
5 W
(including 1 DD)
18 R,
5 W
(including 1 DD)
13 R,
4 W

Combined Coryat: $24,200

[game clues] [game scores] [suggest correction]

Game tape date: 2011-02-08
The J! Archive is created by fans, for fans. Scraping, republication, monetization, and malicious use prohibited; this site may use cookies and collect identifying information. See terms. The Jeopardy! game show and all elements thereof, including but not limited to copyright and trademark thereto, are the property of Jeopardy Productions, Inc. and are protected under law. This website is not affiliated with, sponsored by, or operated by Jeopardy Productions, Inc. Join the discussion at JBoard.tv.